Which is More Expensive? - Statistics

General Stats
  • This quiz has been taken 285 times
  • The average score is 7 of 15
Answer Stats
Question Answer % Correct
Which is more expensive? One costs $64,311.953 while the other costs $3,600,000
75%
Which is more expensive? One makes about $60,000,000,000 annually while the other makes about $80,000,000,000 annually
73%
Which is more expensive? One is worth $415,700,000,000 while the other is worth $226,100,000,000
70%
Which is more expensive? One is worth $136,800,000,000,000 while the other is $84,400,000,000,000
60%
Which is more expensive? One's average meal cost for a single person is $9.29 while the others is $10.61
59%
Which is more expensive? One costs $225 while the other costs $139
57%
Which is more expensive? One costed $237,000,000 to make while the other costed $356,000,000 to make
48%
Which is more expensive? One costs $3.99 while the other costs $2.19
47%
Which is more expensive? One made $2,920,000,000 while the other made $2,799,000,000
46%
Which is more expensive? One is worth $3,140,000,000,000 while the other is $2,010,000,000,000
46%
Which is more expensive? One costed $26,000,000 to build while the other costed $33,000,000 to build
42%
Which is more expensive? One costs $79,900 while the other costs $85,050
35%
Which is more expensive? One costed $1,500,000,000 to build while the other costed $2,400,000,000 to build
35%
Which is more expensive? One costs $5.79 while the other costs $6.69
22%
Which is more expensive? One costs $367,000,000 while the other costs $70,000,000
16%
No matching quizzes found
Score Distribution
Percent of People with Each Score
Percentile by Number Answered
Your Score History
You have not taken this quiz